Score 0/30 Timer 06:00
0 Plays Today
% Correct
wow
59.6%
must
57.7%
down
55.8%
how
55.8%
up
55.8%
each
53.8%
you
53.8%
over
48.1%
gee
46.2%
of
46.2%
the
42.3%
may
40.4%
or
40.4%
cat
38.5%
for
36.5%
% Correct
if
36.5%
none
36.5%
off
36.5%
and
34.6%
out
34.6%
rear
32.7%
well
32.7%
what
32.7%
by
28.8%
very
28.8%
lot
26.9%
let
25%
but
17.3%
in
15.4%
on
9.6%
Remove Ads.
Support Sporcle.
Get the best of Sporcle when you Go Orange. This ad-free experience offers more features, more stats, and more fun while also helping to support Sporcle. Thank you for becoming a member.

You're not logged in!

Compare scores with friends on all Sporcle quizzes.
OR
Log In

Show Comments

Extras

Top Quizzes Today


Score Distribution

Your Account Isn't Verified!

In order to create a playlist on Sporcle, you need to verify the email address you used during registration. Go to your Sporcle Settings to finish the process.

Report this User

Report this user for behavior that violates our Community Guidelines.

Details: